书目信息 |
| 题名: |
独生子女神话
|
|
| 作者: | 包蕾萍 著 | |
| 分册: | ||
| 出版信息: | 上海 上海人民出版社 2012.10 |
|
| 页数: | 216页 | |
| 开本: | 24cm | |
| 丛书名: | 当代中国青少年研究文丛 | |
| 单 册: | ||
| 中图分类: | D669.5 | |
| 科图分类: | ||
| 主题词: | 独生子女--社会问题--研究--中国 | |
| 电子资源: | ||
| ISBN: | 978-7-208-10992-6 | |
| 000 | 01518oam2 2200289 45 | |
| 001 | 1355757468 | |
| 005 | 20130515145203.21 | |
| 010 | @a978-7-208-10992-6@dCNY28.00 | |
| 100 | @a20130108d2012 em y0chiy0121 ea | |
| 101 | 0 | @achi |
| 102 | @aCN@b310000 | |
| 105 | @aa a 000yy | |
| 106 | @ar | |
| 200 | 1 | @a独生子女神话@ADu Sheng Zi Nu^ Shen Hua@e习俗、制度和集体心理@EXi Su、 Zhi Du He Ji Ti Xin Li@dMyth of only-child@einstitution, policy and collective psychology@f包蕾萍著@FBao Lei Ping Zhu@zeng |
| 210 | @a上海@c上海人民出版社@d2012.10 | |
| 215 | @a216页@c图@d24cm | |
| 225 | 2 | @a当代中国青少年研究文丛 |
| 320 | @a有书目 (第213-215页) | |
| 330 | @a本书从独生子女神话的源起开篇, 采用文献分析的方式比较了东西方文化背景下独生子女神话的不同表现形式和共同发展趋势, 提出习俗、制度和集体心理三大因素是导致独生子女神话的根本原因, 独生子女神话是调和习俗与制度之间对立矛盾的集体心理产物, 是一种具有情感和概念结构的双重结构。作者结合西方社会心理学刻板印象研究的理论和范式, 对独生子女神话的具体内容、双重结构和表现形式进行讨论。通过实验分析和社会调查的数据证实独生子女神话的客观存在, 并利用社会文化分析工具对其内容和结构进行解析。 | |
| 461 | 0 | @12001 @a当代中国青少年研究文丛 |
| 510 | 1 | @aMyth of only-child@einstitution, policy and collective psychology@zeng |
| 517 | 1 | @a习俗、制度和集体心理@AXi Su、 Zhi Du He Ji Ti Xin Li |
| 606 | 0 | @a独生子女@x社会问题@x研究@y中国 |
| 690 | @aD669.5@v5 | |
| 701 | 0 | @a包蕾萍@ABao Lei Ping@4著 |
| 801 | @aCN@bTANGWEI@c20130112 | |
| 905 | @b0832494-98@dD669.5@e128@f5 | |
| 独生子女神话:习俗、制度和集体心理=Myth of only-child:institution, policy and collective psychology/包蕾萍著.-上海:上海人民出版社,2012.10 |
| 216页:图;24cm.-(当代中国青少年研究文丛) |
| ISBN 978-7-208-10992-6:CNY28.00 |
| 本书从独生子女神话的源起开篇, 采用文献分析的方式比较了东西方文化背景下独生子女神话的不同表现形式和共同发展趋势, 提出习俗、制度和集体心理三大因素是导致独生子女神话的根本原因, 独生子女神话是调和习俗与制度之间对立矛盾的集体心理产物, 是一种具有情感和概念结构的双重结构。作者结合西方社会心理学刻板印象研究的理论和范式, 对独生子女神话的具体内容、双重结构和表现形式进行讨论。通过实验分析和社会调查的数据证实独生子女神话的客观存在, 并利用社会文化分析工具对其内容和结构进行解析。 |
| ● |
| 相关链接 |
|
|
|
|
正题名:独生子女神话
索取号:D669.5/128
 
预约/预借
| 序号 | 登录号 | 条形码 | 馆藏地/架位号 | 状态 | 备注 |
| 1 | 0832494 | 208324945 | 第一样本阅览室/ [索取号:D669.5/128] | 在馆 | |
| 2 | 0832495 | 208324954 | 第一借阅区/ [索取号:D669.5/128] | 在馆 | |
| 3 | 0832496 | 208324963 | 第一借阅区/ [索取号:D669.5/128] | 在馆 | |
| 4 | 0832497 | 208324972 | 第一借阅区/ [索取号:D669.5/128] | 在馆 | |
| 5 | 0832498 | 208324981 | 第一借阅区/ [索取号:D669.5/128] | 在馆 |